Cơ học kết cấu (tập 2)

Cơ học kết cấu là môn kỹ thuật cơ sở nhằm trang bị cho kỹ sư và sinh viên thuộc ngành xây dựng công trình những kiến thức cơ bản cần thiết để kết hợp với các chuyên môn khác giải quyết các vấn đề liên quan đến việc thiết kế cũng...

Descripció completa

Guardat en:
Dades bibliogràfiques
Autor principal: Nguyễn, Văn Phượng
Format: Llibre
Idioma:Undetermined
Publicat: Hà Nội Xây dựng 2010
Matèries:
Etiquetes: Afegir etiqueta
Sense etiquetes, Sigues el primer a etiquetar aquest registre!
Thư viện lưu trữ: Trung tâm Học liệu Trường Đại học Cần Thơ
LEADER 01083nam a2200205Ia 4500
001 CTU_169182
008 210402s9999 xx 000 0 und d
020 |c 92000 
082 |a 624.171 
082 |b Ph561/T.2 
100 |a Nguyễn, Văn Phượng 
245 0 |a Cơ học kết cấu (tập 2) 
245 0 |c Nguyễn Văn Phượng 
260 |a Hà Nội 
260 |b Xây dựng 
260 |c 2010 
520 |a Cơ học kết cấu là môn kỹ thuật cơ sở nhằm trang bị cho kỹ sư và sinh viên thuộc ngành xây dựng công trình những kiến thức cơ bản cần thiết để kết hợp với các chuyên môn khác giải quyết các vấn đề liên quan đến việc thiết kế cũng như việc thi công côn g trình xây dựng. 
650 |a Mechanics, Analytic,Mechanics, Applied,Cơ khí, Phân tích,Cơ khí, Ứng dụng 
904 |i Hai Y, Trọng Hiếu 
980 |a Trung tâm Học liệu Trường Đại học Cần Thơ